000 01935cam a22003014a 4500
008 060407s2006 maua b 001 0 eng
010 _a 2006011943
020 _a155725432X
020 _a9781557254320
040 _aDLC
_cDLC
_dBAKER
_dC#P
_dYDXCP
_dVP@
_dBTCTA
_dDLC
050 0 0 _aBT603
_b.S94 2006
082 0 0 _a232.91
_222
092 0 4 _a273.291
_bS9744
_221
099 _a04
_a273.291 S9744
100 1 _aSweeney, Jon M.,
_d1967-
245 1 0 _aStrange heaven :
_bthe Virgin Mary as woman, mother, disciple, and advocate /
_cJon M. Sweeney.
260 _aBrewster, Mass. :
_bParaclete Press,
_cc2006.
300 _aix, 233 p. :
_bill. ;
_c21 cm.
504 _aIncludes bibliographical references and index.
505 0 _aIntroduction: imagining Mary -- Why a virgin? -- A legend foretold by the Hebrew Prophets -- Was Mary the first disciple? (the Gospels) -- Mary and the Apostle Paul (why is he silent?) -- Mary in the non-canonical Gospels -- Mystical glosses that further added to the myth -- Appearing now in a field near you (apparitions and visions) -- Praying by hand (the rosary) -- "Hail Mary, full of grace" (and other evolved spiritual practices) -- Thousands of our ladies (feasts and titles) -- The gate of heaven (difficult dogma) -- Theotokos (divine motherhood) -- Immaculate Conception (removing the taint of sex) -- The Assumption of Our Lady (resolving spirit and matter) -- Co-redeemer with Christ (the chicken before the egg) -- Mary's milk of grace -- Unfortunate teachings of Bernard of Clairvaux and others -- Martin Luther's love for the Virgin -- The feminine face of God -- Strange heaven.
600 0 0 _aMary,
_cBlessed Virgin, Saint.
856 4 1 _3Table of contents
_uhttp://www.loc.gov/catdir/toc/ecip0612/2006011943.html
902 _a1
905 _aEman
_eRev.
905 _aJihan
_eCat.
942 _2ddc
_cBK
999 _c117927
_d117927